<?xml version="1.0" encoding="UTF-8"?>
<record
    xmlns:xsi="http://www.w3.org/2001/XMLSchema-instance"
    xsi:schemaLocation="http://www.loc.gov/MARC21/slim http://www.loc.gov/standards/marcxml/schema/MARC21slim.xsd"
    xmlns="http://www.loc.gov/MARC21/slim">

  <leader>04173cam a22004814i 4500</leader>
  <controlfield tag="003">PE-LiUPU</controlfield>
  <controlfield tag="005">20250731173419.0</controlfield>
  <controlfield tag="008">150706s2007    miu     r     000 0 spa d</controlfield>
  <datafield tag="020" ind1=" " ind2=" ">
    <subfield code="a">9780825415951</subfield>
  </datafield>
  <datafield tag="035" ind1=" " ind2=" ">
    <subfield code="a">(Sirsi) i9780825415951</subfield>
  </datafield>
  <datafield tag="040" ind1=" " ind2=" ">
    <subfield code="a">PE-LiUPU</subfield>
    <subfield code="b">spa</subfield>
    <subfield code="c">PE-LiUPU</subfield>
    <subfield code="e">rda</subfield>
  </datafield>
  <datafield tag="049" ind1=" " ind2=" ">
    <subfield code="a">PRUA</subfield>
  </datafield>
  <datafield tag="082" ind1="0" ind2="4">
    <subfield code="a">251.02</subfield>
    <subfield code="b">P51</subfield>
    <subfield code="2">21</subfield>
  </datafield>
  <datafield tag="100" ind1="1" ind2=" ">
    <subfield code="a">Phillips, John,</subfield>
    <subfield code="d">1927- ,</subfield>
    <subfield code="e">autor.</subfield>
  </datafield>
  <datafield tag="245" ind1="1" ind2="0">
    <subfield code="a">100 Bosquejos de sermones del Antiguo Testamento /</subfield>
    <subfield code="c">John Phillips.</subfield>
  </datafield>
  <datafield tag="246" ind1="3" ind2=" ">
    <subfield code="a">Cien bosquejos de sermones del antiguo testamento</subfield>
  </datafield>
  <datafield tag="264" ind1=" " ind2="1">
    <subfield code="a">Grand Rapids :</subfield>
    <subfield code="b">Portavoz,</subfield>
    <subfield code="c">2007.</subfield>
  </datafield>
  <datafield tag="300" ind1=" " ind2=" ">
    <subfield code="a">s. p&#xE1;ginas ;</subfield>
    <subfield code="c">22 cent&#xED;metros</subfield>
  </datafield>
  <datafield tag="336" ind1=" " ind2=" ">
    <subfield code="a">text</subfield>
    <subfield code="2">rdacontent</subfield>
  </datafield>
  <datafield tag="337" ind1=" " ind2=" ">
    <subfield code="a">unmediated</subfield>
    <subfield code="2">rdamedia</subfield>
  </datafield>
  <datafield tag="338" ind1=" " ind2=" ">
    <subfield code="a">volume</subfield>
    <subfield code="2">rdacarrier</subfield>
  </datafield>
  <datafield tag="505" ind1="0" ind2=" ">
    <subfield code="a">Creaci&#xF3;n y filosof&#xED;a -- Tres &#xE1;rboles -- La ca&#xED;da del hombre -- El primer juicio -- La primera religi&#xF3;n falsa -- El guarda de mi hermano -- Nuestro caminar con Dios -- Un candidato para el rapto -- La &#xE9;poca de No&#xE9; -- Predicar en vano -- No&#xE9; el profeta -- La obra de Dios en una vida humana -- Los primeros pasos de un creyente -- El reincidente -- El creyente mundano -- La condena de Sodoma -- La recompensa de confiar en Dios -- Los patriarcas como padres -- Idolatr&#xED;a -- De la pobreza a la riqueza -- Las &#xFA;ltimas palabras de Jacob -- La soberan&#xED;a de Dios en una vida -- El fara&#xF3;n contra Dios -- La pascua jud&#xED;a -- Los primeros pasos del creyente -- El c&#xE1;ntico de Mois&#xE9;s -- Los diez mandamientos -- El tribunal del tabern&#xE1;culo -- Los lugares sagrados del tabern&#xE1;culo -- El sacerdote del Antiguo Testamento -- Las cinco ofrendas -- Las siete fiestas -- La decisi&#xF3;n fatal -- Los cinco libros de Mois&#xE9;s -- Las seis ciudades de refugio -- El cord&#xF3;n de grana -- Los jueces -- El hombre que brillaba como el sol -- La redenci&#xF3;n de una pagana -- Cuidado con reincidir -- La reincidente redimida -- Requisitos de un estadista -- Abigail -- Abner: general de Sa&#xFA;l -- El general de David -- Gracia soberana -- El paganismo desenmascarado -- Prioridades err&#xF3;neas -- Naam&#xE1;n el leproso -- Los frutos del pecado -- El hacha s&#xED; flota -- Los hombres de Isacar -- Un santo escondido -- Las puertas de Jerusal&#xE9;n -- Un santo que sufre -- Como un &#xE1;rbol -- El salmo del ateo -- Tres necios -- Dios de la creaci&#xF3;n -- En cuanto a m&#xED; -- La ciudad peque&#xF1;a -- M&#xE1;s blancos que la nieve -- &#xA1;Ay! -- El llamado del misionero -- El llamado de Isa&#xED;as -- Cuidado con el ocultismo -- Porque un ni&#xF1;o nos es nacido -- Ven t&#xFA;, Rey Todopoderoso -- El renacimiento del estado de Israel -- La ca&#xED;da de Lucifer -- El Antiguo Testamento y las "lenguas" -- El cap&#xED;tulo prohibido -- Herido por m&#xED; -- El Cristo rechazado -- Los sufrimientos de Cristo -- La muerte violenta del Se&#xF1;or -- La sepultura de Jes&#xFA;s -- La resurrecci&#xF3;n de Jes&#xFA;s -- La ascensi&#xF3;n del Se&#xF1;or -- El segundo advenimiento de Cristo -- A todos los sedientos -- Buscad a Jehov&#xE1; -- La invencible Palabra de Dios -- La visi&#xF3;n de la cruz de Jerem&#xED;as -- C&#xF3;mo vivir en victoria -- Una vida m&#xE1;s profunda -- Un misionero renuente -- Un profeta gentil -- El pigmeo gigante -- Los nombres de Dios -- Esta generaci&#xF3;n -- El incienso -- El pacto del Ed&#xE9;n -- El pacto de Ad&#xE1;n -- El pacto de No&#xE9; -- El pacto de Abraham -- El pacto de Mois&#xE9;s -- El pacto de Palestina -- El pacto de David -- El nuevo pacto.</subfield>
  </datafield>
  <datafield tag="526" ind1=" " ind2=" ">
    <subfield code="a">SEG42</subfield>
  </datafield>
  <datafield tag="526" ind1=" " ind2=" ">
    <subfield code="a">SEG41</subfield>
  </datafield>
  <datafield tag="526" ind1=" " ind2=" ">
    <subfield code="a">SEG40</subfield>
  </datafield>
  <datafield tag="526" ind1=" " ind2=" ">
    <subfield code="a">SEG39</subfield>
  </datafield>
  <datafield tag="526" ind1=" " ind2=" ">
    <subfield code="a">P94</subfield>
  </datafield>
  <datafield tag="526" ind1=" " ind2=" ">
    <subfield code="a">P87</subfield>
  </datafield>
  <datafield tag="526" ind1=" " ind2=" ">
    <subfield code="a">P86</subfield>
  </datafield>
  <datafield tag="526" ind1=" " ind2=" ">
    <subfield code="a">P85</subfield>
  </datafield>
  <datafield tag="526" ind1=" " ind2=" ">
    <subfield code="a">P77</subfield>
  </datafield>
  <datafield tag="526" ind1=" " ind2=" ">
    <subfield code="a">P76</subfield>
  </datafield>
  <datafield tag="526" ind1=" " ind2=" ">
    <subfield code="a">P35</subfield>
  </datafield>
  <datafield tag="541" ind1=" " ind2=" ">
    <subfield code="g">001-0000583;</subfield>
  </datafield>
  <datafield tag="630" ind1=" " ind2=" ">
    <subfield code="a">Biblia.</subfield>
    <subfield code="p">A.T.</subfield>
    <subfield code="x">Sermones.</subfield>
  </datafield>
  <datafield tag="630" ind1=" " ind2=" ">
    <subfield code="a">Biblia.</subfield>
    <subfield code="p">A.T.</subfield>
    <subfield code="x">Homil&#xE9;tica.</subfield>
  </datafield>
  <datafield tag="910" ind1=" " ind2=" ">
    <subfield code="a">gl</subfield>
    <subfield code="c">jck</subfield>
    <subfield code="d">20120608</subfield>
  </datafield>
  <datafield tag="942" ind1=" " ind2=" ">
    <subfield code="2">ddc</subfield>
    <subfield code="c">BOOK</subfield>
  </datafield>
  <datafield tag="949" ind1=" " ind2=" ">
    <subfield code="a">251.02 P51</subfield>
    <subfield code="w">DEWEY</subfield>
    <subfield code="c">1</subfield>
    <subfield code="i">64903</subfield>
    <subfield code="l">CCODEBUL1</subfield>
    <subfield code="m">BUL</subfield>
    <subfield code="p">12.00</subfield>
    <subfield code="r">0</subfield>
    <subfield code="s">Y</subfield>
    <subfield code="t">BOOK</subfield>
    <subfield code="u">2015-7-6</subfield>
    <subfield code="x">TEOLOGIA</subfield>
    <subfield code="P">P35</subfield>
    <subfield code="o">.STAFF. Colecci&#xF3;n General</subfield>
  </datafield>
  <datafield tag="994" ind1=" " ind2=" ">
    <subfield code="a">C0</subfield>
    <subfield code="b">PEPRU</subfield>
  </datafield>
  <datafield tag="596" ind1=" " ind2=" ">
    <subfield code="a">1</subfield>
  </datafield>
  <datafield tag="999" ind1=" " ind2=" ">
    <subfield code="a">251.02 P51</subfield>
    <subfield code="w">DEWEY</subfield>
    <subfield code="c">53612</subfield>
    <subfield code="i">64903</subfield>
    <subfield code="d">53612</subfield>
    <subfield code="e">2017-5-23</subfield>
    <subfield code="f">2021-11-10</subfield>
    <subfield code="g">5</subfield>
    <subfield code="l">CCODEBUL1</subfield>
    <subfield code="m">BUL</subfield>
    <subfield code="n">3</subfield>
    <subfield code="p">12.00</subfield>
    <subfield code="q">4</subfield>
    <subfield code="r">0</subfield>
    <subfield code="s">Y</subfield>
    <subfield code="t">BOOK</subfield>
    <subfield code="u">2015-7-6</subfield>
    <subfield code="x">TEOLOGIA</subfield>
    <subfield code="P">P35</subfield>
    <subfield code="0">COMPRA</subfield>
    <subfield code="o">.STAFF. Colecci&#xF3;n Teolog&#xED;a</subfield>
  </datafield>
  <datafield tag="980" ind1=" " ind2=" ">
    <subfield code="8">1</subfield>
    <subfield code="g">ALBERTO SANCHEZ Responsable de Automatizaci&#xF3;n</subfield>
  </datafield>
  <datafield tag="952" ind1=" " ind2=" ">
    <subfield code="r">2025-12-03 00:00:00</subfield>
    <subfield code="i">6</subfield>
    <subfield code="l">5</subfield>
    <subfield code="o">251.02 P51</subfield>
    <subfield code="p">64903</subfield>
    <subfield code="s">2024-09-23</subfield>
    <subfield code="t">e1</subfield>
    <subfield code="v">17.00</subfield>
    <subfield code="w">2015-07-06</subfield>
    <subfield code="x">FT</subfield>
    <subfield code="y">BK</subfield>
    <subfield code="z">inventario-2023-12-13</subfield>
    <subfield code="1">0</subfield>
    <subfield code="2">ddc</subfield>
    <subfield code="5">0</subfield>
    <subfield code="7">0</subfield>
    <subfield code="8">GEN</subfield>
    <subfield code="f">P35</subfield>
    <subfield code="a">BUL</subfield>
    <subfield code="b">BUL</subfield>
    <subfield code="c">GEN</subfield>
    <subfield code="d">2015-07-06</subfield>
    <subfield code="e">COMPRA</subfield>
    <subfield code="g">12.00</subfield>
  </datafield>
</record>
